E' l'ora di educazione sessuale (Record n. 360730)

Dettagli MARC
000 -LEADER
campo di controllo lung. fissa 01864nam a22002057a 4500
003 - Identificatore del numero di controllo
campo di controllo IT-MiCISF
005 - Data e orario dell'ultima transazione
campo di controllo 20260303150813.0
008 - Elementi di lunghezza fissa--Informazione generale
campo di controllo lung. fissa 260303b |||||||| |||| 00| 0 eng d
020 ## - ISBN (International Standard Book Number)
ISBN (International Standard Book Number) 9788892247994
040 ## - Fonte della catalogazione
Agenzia che fa la trascrizione IT-MiCISF
100 ## - Accesso principale -- nome di persona
Nome di persona Ricci Alessandro
9 (RLIN) 63433
245 ## - Formulazione del titolo
Titolo E' l'ora di educazione sessuale
260 ## - Pubblicazione, distribuzione, ecc. (stampa)
Luogo di pubblicazione, distribuzione, ecc. Cinisello B. (MI),
Nome dell'editore, distributore, ecc. San Paolo,
Data di pubblicazione, distribuzione, ecc. 2025
300 ## - Descrizione fisica
Estensione pp. 189
500 ## - Nota generale
Nota generale educazione, affettività, educazione-sessuale, famiglia, scuola, preadolescenza, adolescenza, nuovi-media
520 ## - Riassunto, ecc.
Nota di riassunto, ecc. La sessualità è un aspetto dello sviluppo che coinvolge la persona a vari livelli: sensoriale, sociale, cognitivo, affettivo, morale ed emotivo; pertanto non ci si può permettere di ignorarla nel corso della crescita dei nostri bambini e ragazzi. Tutte le ricerche concordano rispetto al fatto che l’argomento affettività-sessualità non è mai oggetto di dialogo aperto fra genitori e figli, sia per i maschi sia per le femmine. I genitori sanno quasi sempre, da indizi e congetture, che i propri figli hanno una loro vita affettiva-sessuale ma, come se esistesse un tacito accordo, non ne parlano. È l’ora per genitori e educatori di affrontare il tema della formazione all’affettività-emotività e sessualità dei bambini e dei ragazzi anche per facilitare ragazzi e ragazze ad acquisire conoscenza e consapevolezza delle proprie emozioni e di quelle altrui, promuovendo il benessere e il rispetto reciproco. Questo libro si rivolge proprio a loro, genitori, insegnanti ed educatori che, seguendo alcune indicazioni e utilizzando i materiali proposti in base alla loro sensibilità, saranno in grado di affrontare questo percorso con la giusta serenità, guidando bambini e adolescenti verso una sana, corretta e positiva educazione affettiva-sessuale.
650 ## - Accesso aggiunto di soggetto--termine topico
Termine topico o nome geografico come accesso Educazione
654 ## - Accesso aggiunto di soggetto--termini topici faccettati
Termine principale saggio
942 ## - Dati aggiuntivi (Koha)
Fonte della classificazione o dello schema di collocazione (segnatura) Dewey Decimal Classification
Tipo copia default (Koha) LIBRO
Dati di copia
Ritirato (status) Perso (status) Fonte della classificazione o dello schema di collocazione (segnatura) Danneggiato (status) Non per il presito Biblioteca proprietaria Biblioteca in cui si trova Data d'acquisizione Totale prestiti Collocazione Codice a barre Data ultima operazione Prezzo in vigore dal Tipo copia default (Koha)
    Dewey Decimal Classification Buone Condizioni Not For Loan CISF - Milano CISF - Milano 03/03/2026   B7914 9788892247994 03/03/2026 03/03/2026 LIBRO
CREDITS: SOCIETA' SAN PAOLO Via A.Severo, 58 - ROMA (RM) & PERIODICI SAN PAOLO SRL Via Giotto, 36 MILANO & CISF Via Giotto, 36 MILANO & EDIZIONI SAN PAOLO SRL,  Piazza Soncino, 5 CINISELLO BALSAMO (MI) -- ITALY